000 00475nam a22001817a 4500
003 MPLRDC
005 20220104162123.0
008 210129b ||||| |||| 00| 0 eng d
020 _a7-5402-1755-3
082 _a411 STR
100 _aRAY D. STRAND
245 _a别让不懂营养学的医生害了你
_c吴卉译
250 _a第一版
260 _a中国
_b北京燕山出版社
_c2006
300 _b218
650 _a慢性病--营养卫生
942 _cBK
_o411 STR
999 _c55821
_d55811